000 01034nac a22002897a 4500
001 BR9701524
003 BR-BrBNA
005 20240105121903.0
008 230509b bl.|||m| |||| 00| 0 por d
040 _aBR-BrBNA
_bpor
_cBiblioteca Nacional de Agricultura
072 _aE12
090 _aE12 BR9701524
100 1 _aSoares, R.M.S. de M.
110 1 _aInstituto de Planejamento Economico e Social, Brasilia, DF (Brasil)
_96238
245 1 _a"Reflexoes sobre o Seminario Internacional: Mudanca Tecnologica, Organizacao do Trabalho e Formas de Gestao - IPEA/IPLAN/CENDEC, 3 a 5 de outubro de 1988"
260 3 _aBrasilia, DF (Brasil):
_c1989.
300 _a42 p.
490 _aTexto para Discussao - Instituto de Planejamento Economico e Social (Brazil)
_vno. 6
_x
500 _aSummary (Pt)
650 _aDifusao de Tecnologia
650 _aProdutividade
650 _aTrabalho
650 _aEmpresa
650 _aAdministracao de Pessoal
909 _a202312
_bLúcia Elande
_c55
_dLúcia Elande
942 _2AGRIS
_n0
_cMS
999 _c288047
_d288047